Artículos / (Record no. 97210)

MARC details
000 -LEADER
campo de control de longitud fija 00893nam a2200229 i 4500
001 - NÚMERO DE CONTROL
campo de control 97210
003 - IDENTIFICADOR DE NÚMERO DE CONTROL
campo de control ES-MaACL
005 - FECHA Y HORA DE LA ÚLTIMA TRANSACCIÓN
campo de control 20250818174351.0
007 - CAMPO FIJO DE DESCRIPCIÓN FÍSICA--INFORMACIÓN GENERAL
campo de control de longitud fija t|
008 - DATOS DE LONGITUD FIJA--INFORMACIÓN GENERAL
campo de control de longitud fija 050708m19121913sp ||||1| spa d
080 ## - NÚMERO DE LA CLASIFICACIÓN DECIMAL UNIVERSAL
Número de la Clasificación Decimal Universal 821.134.2-92"18"
100 1# - ENTRADA PRINCIPAL--NOMBRE DE PERSONA
Nombre de persona Maragall, Joan,
Fechas asociadas al nombre 1860-1911
9 (RLIN) 152432
245 10 - MENCIÓN DEL TÍTULO
Título Artículos /
Mención de responsabilidad, etc. Joan Maragall ; prólogo de Miguel S. Oliver.
260 ## - PUBLICACIÓN, DISTRIBUCIÓN, ETC.
Lugar de publicación, distribución, etc. Barcelona :
Nombre del editor, distribuidor, etc. Guinar y Pujolar,
Fecha de publicación, distribución, etc. 1912-1913.
300 ## - DESCRIPCIÓN FÍSICA
Extensión 5 v. ;
Dimensiones 20 cm.
490 1# - MENCIÓN DE SERIE
Mención de serie Obras completas de Juan Maragall. Serie castellana
505 8# - NOTA DE CONTENIDO CON FORMATO
Nota de contenido con formato Contiene:1. 1892 a 1895 (XXXII, 286 p.) -- 2. 1895 a 1899 (324 p.) -- 3. 1899 a 1902 (320 p.) -- 4. 1902 a 1906 (338 p.) -- 5. 1906 a 1911 (348 p.)
700 1# - ENTRADA AGREGADA--NOMBRE PERSONAL
Nombre de persona Oliver, Miquel dels Sants,
Fechas asociadas al nombre 1864-1920
9 (RLIN) 86825
830 0# - PUNTO DE ACCESO ADICIONAL DE SERIE-TÍTULO UNIFORME
Título uniforme Obras completas de Juan Maragall. Serie castellana
9 (RLIN) 191559
852 ## - LOCALIZACIÓN
Ubicación ES-MaACL
Número de control de estantería F-1915-19
Holdings
Estatus retirado Estado de pérdida Estado de daño No para préstamo Biblioteca de origen Biblioteca actual Ubicación en estantería Fecha de adquisición Fuente de adquisición Total de préstamos Signatura topográfica completa Código de barras Visto por última vez Precio de reemplazo Tipo de ítem Koha
        Biblioteca del Ateneo de Madrid Biblioteca del Ateneo de Madrid Depósito 2 17/01/2008     F-1915-19 1101484 23/02/2023 23/02/2023 Libro impreso